000 00359 a2200157 4500
001 69400
020 _a859855314x
040 _cAnchieta - Itaigara
100 _aCedraz, Antônio Luiz Ramos
240 1 0 _aO cabrito encantado
_lpor
245 1 0 _aO cabrito encantado
300 _a27
362 0 _a2006
650 4 _aLiteratura infanto-juvenil
942 _cBK
999 _c69400
_d69400